000 00284nam a2200109Ia 4500
008 171205s9999 xx 000 0 und d
020 _a9789718342442
100 _aGraham, Jack.
245 _cJack Graham
_aAre you Fit for Life?
260 _bCrossway Books
_c2007
300 _a170 pages
999 _c347350
_d347350